000 00581 a2200181 4500
999 _c4858
_d4858
010 _aENG-86633
020 _c120.00
035 _aEN-70166
037 _bDBAD / PUB
082 1 4 _a332.1
100 1 _aGorden, E
245 1 _aCommercial banking /
_cby E. Gorden [and] K. Natrajan
260 _aMumbai
_bHimalaya Publishing House
_c2006
270 _a" Pooja Apartment" Dr. Bhalerai Marg, Girgaon
_bMumbai
_e400 004
_k022- 23860170
_mhimpub@vsnl.com
_l022-23877178
300 _axi, 171 p
_c23 cm (Pbk)
700 1 _aNatrajan, K
942 _adpl
_cEN
_2ddc
_h332.1
_mGOR